00232nam a2200097Ia 4500008004100000041001200041100001600053245005300069260000600122650000600128221030s9999 xx 000 0 und d aEnglish aA. M. Dhake 0aTelevision and Video Engineeringcby A. M. Dhake c0 aB